Random Countries in the Eastern Hemisphere - Statistics

General Stats
  • This quiz has been taken 52 times
  • The average score is 13 of 14
Answers on the Map
Answers color-coded by a green-red scale on the quiz's map according to % correct below.
 
Answer Stats
Answer % Correct
Bulgaria
94%
Myanmar
94%
New Zealand
94%
Oman
94%
Ukraine
94%
Eritrea
92%
Jordan
92%
Malaysia
92%
Papua New Guinea
92%
Somalia
92%
Sri Lanka
92%
Taiwan
92%
Uganda
92%
Laos
89%
No matching quizzes found
Score Distribution
Percent of People with Each Score
Percentile by Number Answered
Your Score History
You have not taken this quiz